| 000 | 00773nam a2200253 a 4500 | ||
|---|---|---|---|
| 008 | |||
| 020 | _a0449215628 (pbk.) | ||
| 049 | _aMAIN | ||
| 090 |
_aREF RC591.38 _bWEI |
||
| 100 | 1 | _aWeinstein, Allan | |
| 245 | 1 | 0 |
_aAsthma : _bthe complete guide to self-management of asthma and allergies for patients and their families / _cAllan M. Weinstein |
| 260 |
_aNew York : _bMcGraw-Hill, _cc1987 |
||
| 300 |
_axxiv, 357 p. : _bill. ; _c18 cm. |
||
| 500 | _aIncludes index. | ||
| 650 | _aAsthma. | ||
| 650 | _aHypersensitivity. | ||
| 650 | _aSelf Care. | ||
| 655 | _aPopular Works. | ||
| 907 |
_a.b10395003 _b08-11-18 _c07-11-18 |
||
| 003 | |||
| 005 | 20230123141130.0 | ||
| 040 | _cNUST | ||
| 942 |
_cBOOKS _kREF RC591.38 _mWEI |
||
| 999 |
_c168242 _d168242 |
||